Boy meets world - Statistics

General Stats
  • This quiz has been taken 1,442 times
  • The average score is 11 of 15
Answer Stats
Hint Answer % Correct
Main Character Cory Matthews
98%
His Best Friend Shawn Hunter
97%
His Love Interest Topanga Lawrence
97%
His Big Brother Eric Matthews
93%
Teacher, Mentor, Principal George Feeny
89%
His Little Sister Morgan Matthews
75%
His Best Friends Love Interest Angela Moore
74%
Nerdy Classmate Stuart Minkus
73%
His Best Friend's Brother Jack Hunter
68%
Hip, Cool Teacher Jonathan Turner
60%
His Dad Alan Matthews
59%
High School Attended John Adams High
59%
College Red-Head Rachel McGuire
59%
His Mom Amy Matthews
56%
College Attended by All Pennbrook University
35%
No matching quizzes found
Score Distribution
Percent of People with Each Score
Percentile by Number Answered
Your Score History
You have not taken this quiz